000 00322nam a2200121Ia 4500
999 _c233
_d233
008 200302s9999 xx 000 0 und d
100 _aO. H. Koenigsberger & Others
245 _aManual of Tropical Housing and Building Climatic Design
260 _bOrient Longman Ltd.
260 _c1975
300 _a320 P.,
942 _2ddc